<?xml version="1.0" encoding="UTF-8"?>
<record
    xmlns:xsi="http://www.w3.org/2001/XMLSchema-instance"
    xsi:schemaLocation="http://www.loc.gov/MARC21/slim http://www.loc.gov/standards/marcxml/schema/MARC21slim.xsd"
    xmlns="http://www.loc.gov/MARC21/slim">

  <leader>01016nam a22001937a 4500</leader>
  <controlfield tag="003">IT-MiCISF</controlfield>
  <controlfield tag="005">20250512105134.0</controlfield>
  <controlfield tag="008">250512b        |||||||| |||| 00| 0 eng d</controlfield>
  <datafield tag="040" ind1=" " ind2=" ">
    <subfield code="c">IT-MiCISF</subfield>
  </datafield>
  <datafield tag="100" ind1=" " ind2=" ">
    <subfield code="a">Centro di servizio al volontrariato San Nicola </subfield>
    <subfield code="9">62165</subfield>
  </datafield>
  <datafield tag="245" ind1=" " ind2=" ">
    <subfield code="a">Volontariato e societ&#xE0;.</subfield>
    <subfield code="b">Meeting del volontariato, 15-17 dicembre 2006</subfield>
  </datafield>
  <datafield tag="260" ind1=" " ind2=" ">
    <subfield code="a">Bari, </subfield>
    <subfield code="b">Edizioni di pagina, </subfield>
    <subfield code="c">2007</subfield>
  </datafield>
  <datafield tag="300" ind1=" " ind2=" ">
    <subfield code="a">pp. 117</subfield>
  </datafield>
  <datafield tag="500" ind1=" " ind2=" ">
    <subfield code="a">volontariato, societ&#xE0;, territorio, esperienze, welfare, handicap, affido, scuola, educazione</subfield>
  </datafield>
  <datafield tag="650" ind1=" " ind2=" ">
    <subfield code="a">Volontariato</subfield>
    <subfield code="9">56093</subfield>
  </datafield>
  <datafield tag="654" ind1=" " ind2=" ">
    <subfield code="a">atti</subfield>
  </datafield>
  <datafield tag="700" ind1=" " ind2=" ">
    <subfield code="a">Franco R., Lacirignola C., Emiliano M., Divella V., Petrocelli C., Sarno R.,</subfield>
    <subfield code="a">Angelillis L., Lupi M., Antonini L., Colombo C., Ponzio P., Zaza A., </subfield>
    <subfield code="a">Candela A., Intino V., Crosta L., Mascello V., Barbanente M., Iannuzzi L., </subfield>
    <subfield code="a">Lallone R., Francavilla R., Montanaro G., Frisanco R., Grasso A., Piatti A., </subfield>
    <subfield code="a">Malgeri L., Lucchini M., La Pietra M., De Simone D., Magnisi M., Gernone S.</subfield>
    <subfield code="9">62166</subfield>
  </datafield>
  <datafield tag="942" ind1=" " ind2=" ">
    <subfield code="2">ddc</subfield>
    <subfield code="c">DD</subfield>
  </datafield>
  <datafield tag="999" ind1=" " ind2=" ">
    <subfield code="c">360520</subfield>
    <subfield code="d">360520</subfield>
  </datafield>
  <datafield tag="952" ind1=" " ind2=" ">
    <subfield code="0">0</subfield>
    <subfield code="1">0</subfield>
    <subfield code="2">ddc</subfield>
    <subfield code="4">0</subfield>
    <subfield code="6">DG_88_000000000000000</subfield>
    <subfield code="7">1</subfield>
    <subfield code="a">CISF</subfield>
    <subfield code="b">CISF</subfield>
    <subfield code="d">2025-05-12</subfield>
    <subfield code="l">0</subfield>
    <subfield code="o">DG88</subfield>
    <subfield code="r">2025-05-12 10:52:48</subfield>
    <subfield code="w">2025-05-12</subfield>
    <subfield code="y">DD</subfield>
  </datafield>
</record>
